Statistics for First-team All NBA not in the Hall of Fame

Click here to take the quiz!

General Stats

  • This quiz has been taken 67 times
    (35 since last reset)
  • The average score is 5 of 9

Answer Stats

1st team All NBA yearTeamPlayer% Correct
1994-95 and 1995-96MagicAnfernee "Penny" Hardaway
96%
1996-97HeatTim Hardaway
96%
1992-93CavaliersMark Price
81%
2006-07SunsAmar'e Stoudemire
78%
1993-94WarriorsLatrell Sprewell
48%
1978-79BucksMarques Johnson
37%
1981-82SonicsGus Williams
26%
1977-78JazzLeonard "Truck" Robinson
15%
1959-60PistonsGene Shue
0%

Score Distribution

Percentile by Number Answered

Percent of People with Each Score

Your Score History

You have not taken this quiz since the last reset